[Event "Marmaris Karya 9th"]
[Site "Marmaris"]
[Date "2019.08.25"]
[Round "8.5"]
[White "Annageldyev, Orazly"]
[Black "Kirilmaz, Emre"]
[Result "0-1"]
[WhiteElo "2342"]
[BlackElo "2044"]
[PlyCount "90"]
[EventDate "2019.08.24"]
[EventType "schev"]
[EventRounds "10"]
[EventCountry "TUR"]
[SourceTitle "EXT 2020"]
[Source "ChessBase"]
[SourceDate "2019.10.17"]
[SourceVersion "1"]
[SourceVersionDate "2019.10.17"]
[SourceQuality "1"]

1. e4 Nf6 2. e5 Nd5 3. d4 d6 4. Nf3 Nb6 5. h3 g6 6. Be2 dxe5 7. Nxe5 N8d7 8. Bf4 Bg7 9. Nf3 c5 10. dxc5 Na4 11. c3 Naxc5 12. Na3 0-0 13. Nc4 b5 14. Nce5 Nxe5 15. Bxe5 Bb7 16. Bxg7 Kxg7 17. 0-0 Bxf3 18. Bxf3 Qxd1 19. Rfxd1 Rad8 20. Be2 a6 21. Rxd8 Rxd8 22. b4 Rd2 23. Bf1 Nd3 24. a4 bxa4 25. Rxa4 Rd1 26. g3 Rc1 27. c4 Ne5 28. Kg2 Nxc4 29. Rxa6 Nd6 30. b5 Rb1 31. Rb6 Kf6 32. g4 Ke5 33. Rb8 Rb2 34. Rh8 Ne4 35. Rxh7 Rxf2+ 36. Kg1 Rf6 37. h4 g5 38. h5 Kf4 39. Bg2 Nc3 40. b6 Kg3 41. b7 Ne2+ 42. Kh1 Rb6 43. Rxf7 Nf4 44. Be4 Rd6 45. Bc2 Re6 0-1

[Event "Marmaris Karya 9th"]
[Site "Marmaris"]
[Date "2019.08.25"]
[Round "9.4"]
[White "Oney, Adil Feridun"]
[Black "Annageldyev, Orazly"]
[Result "1/2-1/2"]
[WhiteElo "2054"]
[BlackElo "2342"]
[PlyCount "44"]
[EventDate "2019.08.24"]
[EventType "schev"]
[EventRounds "10"]
[EventCountry "TUR"]
[SourceTitle "EXT 2020"]
[Source "ChessBase"]
[SourceDate "2019.10.17"]
[SourceVersion "1"]
[SourceVersionDate "2019.10.17"]
[SourceQuality "1"]

1. d4 Nf6 2. c4 e6 3. Nf3 d5 4. Nc3 Be7 5. Bf4 0-0 6. e3 a6 7. cxd5 Nxd5 8. Nxd5 exd5 9. a3 Bf5 10. Be2 Nc6 11. Ne5 Nxe5 12. Bxe5 c6 13. 0-0 Bd6 14. Bxd6 Qxd6 15. Bd3 Bxd3 16. Qxd3 Qe7 17. Qc2 Qd6 18. Qd3 Qe7 19. Qc2 Qd6 20. Qd3 Qe7 21. Qc2 Qd6 22. Qd3 Qe7 1/2-1/2

[Event "Marmaris Karya 9th"]
[Site "Marmaris"]
[Date "2019.08.24"]
[Round "2.1"]
[White "Annageldyev, Orazly"]
[Black "Tanriverdi, Enes"]
[Result "0-1"]
[WhiteElo "2342"]
[BlackElo "2355"]
[PlyCount "60"]
[EventDate "2019.08.24"]
[EventType "schev"]
[EventRounds "10"]
[EventCountry "TUR"]
[SourceTitle "EXT 2020"]
[Source "ChessBase"]
[SourceDate "2019.10.17"]
[SourceVersion "1"]
[SourceVersionDate "2019.10.17"]
[SourceQuality "1"]

1. d4 Nf6 2. Nf3 e6 3. c4 d5 4. Nc3 Bb4 5. e3 0-0 6. Bd3 c5 7. 0-0 Nc6 8. a3 Bxc3 9. bxc3 dxc4 10. Bxc4 Qc7 11. Qe2 e5 12. h3 Re8 13. Bb2 h6 14. a4 a6 15. Ba2 Bf5 16. d5 Nb8 17. c4 Nbd7 18. Bb1 e4 19. Ne1 Ne5 20. f4 exf3 21. Nxf3 Nxf3+ 22. Qxf3 Bxb1 23. Bxf6 Be4 24. Qg4 Bg6 25. Bb2 Rxe3 26. Rae1 Rae8 27. Rxe3 Rxe3 28. Rd1 Qd6 29. Qc8+ Kh7 30. Qxb7 Qg3 0-1

[Event "TUR-chT 2nd League"]
[Site "Konya"]
[Date "2019.07.22"]
[Round "1.12"]
[White "Annageldyev, Orazly"]
[Black "Unal, Osman"]
[Result "1-0"]
[WhiteElo "2353"]
[BlackElo "1860"]
[PlyCount "159"]
[EventDate "2019.07.22"]
[EventType "team-swiss"]
[EventRounds "9"]
[EventCountry "TUR"]
[SourceTitle "CBM 191 Extra"]
[Source "ChessBase"]
[SourceDate "2019.09.30"]
[SourceVersion "1"]
[SourceVersionDate "2019.09.30"]
[SourceQuality "1"]
[WhiteTeam "Karaman Masterler"]
[BlackTeam "Gulbahcesi Egitim"]
[WhiteTeamCountry "TUR"]
[BlackTeamCountry "TUR"]

1. e4 d6 2. d4 Nf6 3. Nc3 g6 4. Bc4 Bg7 5. Qe2 0-0 6. e5 Ne8 7. Nf3 c6 8. h3 d5 9. Bd3 f6 10. 0-0 Nc7 11. exf6 exf6 12. Bf4 Ne6 13. Bg3 Qb6 14. Qe3 Na6 15. a3 Bd7 16. b4 Rae8 17. Na4 Qd8 18. Qd2 Nac7 19. c3 b6 20. Nb2 Bc8 21. Rfe1 Re7 22. c4 Ne8 23. cxd5 cxd5 24. Nd1 Nd6 25. Nc3 Bb7 26. Qa2 Nf7 27. Rad1 a6 28. h4 Rfe8 29. Re2 f5 30. Bb1 f4 31. Bh2 Qd6 32. Qd2 Rc8 33. Ree1 Rec7 34. Ne2 Bh6 35. h5 g5 36. Bf5 Re8 37. Qd3 Nf8 38. Nc1 Rce7 39. Qd2 Qf6 40. Bg4 Bc8 41. Bxc8 Rxc8 42. Rxe7 Qxe7 43. Re1 Qf6 44. Ne5 Nxe5 45. Rxe5 g4 46. Nd3 g3 47. Qe2 gxh2+ 48. Kh1 Rc7 49. Qf3 Rc3 50. Qxd5+ Qf7 51. Qe4 Bg7 52. Rf5 Qc4 53. Ne5 Rc1+ 54. Kxh2 Bxe5 55. Qxe5 Qc7 56. Rg5+ Ng6 57. hxg6 Qxe5 58. gxh7+ Kxh7 59. Rxe5 Rc3 60. Re6 Rxa3 61. Rxb6 f3 62. g4 Rb3 63. Kg3 Kg7 64. Kf4 Kf7 65. Ke4 Ke7 66. Rxa6 Rxb4 67. Ra3 Ke6 68. Rxf3 Ke7 69. Rf5 Ke6 70. Rh5 Kf6 71. f4 Kg6 72. Rc5 Rb6 73. Kd5 Kf7 74. Rc7+ Ke8 75. Ke5 Ra6 76. g5 Kd8 77. Rh7 Ke8 78. d5 Kf8 79. f5 Kg8 80. Rc7 1-0

[Event "Cesme op-A 7th"]
[Site "Cesme"]
[Date "2019.06.28"]
[Round "7"]
[White "Darban Vaighani, Morteza"]
[Black "Annageldyev, Orazly"]
[Result "0-1"]
[WhiteElo "2264"]
[BlackElo "2353"]
[PlyCount "88"]
[EventDate "2019.06.24"]
[EventType "swiss"]
[EventRounds "9"]
[EventCountry "TUR"]
[SourceTitle "CBM 191 Extra"]
[Source "ChessBase"]
[SourceDate "2019.09.30"]
[SourceVersion "1"]
[SourceVersionDate "2019.09.30"]
[SourceQuality "1"]

1. e4 c5 2. Nc3 e6 3. Nf3 a6 4. g3 b5 5. Bg2 Bb7 6. d3 Nf6 7. 0-0 d5 8. Bg5 d4 9. Ne2 Be7 10. b4 Nc6 11. bxc5 e5 12. Nh4 g6 13. a4 bxa4 14. Qb1 Rb8 15. Qa2 Nd7 16. Bxe7 Qxe7 17. f4 Nb4 18. Qxa4 Bc6 19. Qb3 0-0 20. Qc4 Qxc5 21. Qxc5 Nxc5 22. fxe5 Rfd8 23. Nf3 Nxc2 24. Rac1 Ba4 25. Nexd4 Nxd4 26. Rxc5 Ne2+ 27. Kh1 Rxd3 28. Ng5 Rd7 29. Bh3 Re7 30. e6 fxe6 31. Bxe6+ Kg7 32. Bc4 Bb5 33. Ne6+ Rxe6 34. Rxb5 axb5 35. Bxe6 b4 36. Bc4 Nc3 37. Rf7+ Kh6 38. Bb3 Nxe4 39. g4 Nd2 40. Be6 Rb6 41. Bd7 Kg5 42. Kg2 h5 43. Kg3 h4+ 44. Kf2 b3 0-1

[Event "Suleymanpasa Rodostosah"]
[Site "Tekirdag"]
[Date "2019.02.14"]
[Round "7.4"]
[White "Can, Isik"]
[Black "Annageldyev, Orazly"]
[Result "0-1"]
[WhiteElo "2382"]
[BlackElo "2377"]
[PlyCount "96"]
[EventDate "2019.02.10"]
[EventType "schev"]
[EventRounds "10"]
[EventCountry "TUR"]
[EventCategory "7"]
[SourceTitle "CBM 188 Extra"]
[Source "ChessBase"]
[SourceDate "2019.02.26"]
[SourceVersion "1"]
[SourceVersionDate "2019.02.26"]
[SourceQuality "1"]
[WhiteTeam "Red Team"]
[BlackTeam "Blue Team"]
[WhiteTeamCountry "TUR"]
[BlackTeamCountry "TUR"]

1. e4 c5 2. Nf3 d6 3. d4 cxd4 4. Nxd4 Nf6 5. Nc3 g6 6. Be3 Bg7 7. f3 a6 8. Qd2 Qc7 9. g4 b5 10. g5 b4 11. Na4 Nfd7 12. Qxb4 Bb7 13. 0-0-0 0-0 14. Be2 Rc8 15. Nc3 Nc6 16. Nxc6 Bxc6 17. Bd4 Rab8 18. Qa3 Bb5 19. Rhe1 Ne5 20. Bxb5 axb5 21. Qb3 Nxf3 22. Nd5 Nxd4 23. Rxd4 Qd8 24. Rd2 e6 25. Nf6+ Bxf6 26. gxf6 Qxf6 27. Rxd6 Qf2 28. Red1 Qxh2 29. Kb1 Qe2 30. R6d4 h5 31. a3 Kg7 32. R1d2 Qf1+ 33. Rd1 Qf4 34. Rd7 Rc4 35. Re7 Rxe4 36. Qd3 Qe5 37. Qd2 Rf8 38. Rf1 g5 39. Rh1 h4 40. Rd7 Rf4 41. Qg2 Kg6 42. Rdd1 Qe4 43. Qd2 Rc8 44. Rh2 Qf5 45. Qe2 b4 46. axb4 Rxb4 47. Kc1 Qf4+ 48. Kb1 Rxb2+ 0-1

[Event "Manisa Rotary Club"]
[Site "Manisa"]
[Date "2019.01.30"]
[Round "5.4"]
[White "Annageldyev, Orazly"]
[Black "Sakir, Ridvan"]
[Result "1/2-1/2"]
[WhiteElo "2377"]
[BlackElo "2212"]
[PlyCount "157"]
[EventDate "2019.01.28"]
[EventType "schev"]
[EventRounds "10"]
[EventCountry "TUR"]
[SourceTitle "CBM 188 Extra"]
[Source "ChessBase"]
[SourceDate "2019.02.26"]
[SourceVersion "1"]
[SourceVersionDate "2019.02.26"]
[SourceQuality "1"]
[WhiteTeam "Eflatun"]
[BlackTeam "Turkuaz"]
[WhiteTeamCountry "TUR"]
[BlackTeamCountry "TUN"]

1. d4 Nf6 2. Bf4 e6 3. e3 b6 4. Nf3 Bb7 5. Bd3 g6 6. Nbd2 Bg7 7. Qe2 0-0 8. c3 d6 9. 0-0-0 Nbd7 10. h4 h5 11. e4 Qe8 12. e5 dxe5 13. Nxe5 c5 14. Ndc4 cxd4 15. Nd6 Qe7 16. Nxb7 Nxe5 17. Bxe5 Qxb7 18. Bxf6 Bxf6 19. Be4 Qc7 20. Bxa8 Rxa8 21. Qf3 Qd8 22. cxd4 Rc8+ 23. Kb1 Bxd4 24. g4 Qf6 25. Qxf6 Bxf6 26. g5 Be5 27. Rhe1 Rc5 28. Re4 Rb5 29. b3 Bh2 30. Rd8+ Kg7 31. Rd7 Rf5 32. Rxe6 Rxf2 33. Re8 Rf5 34. Rxa7 Bg1 35. Raa8 Bd4 36. Rh8 f6 37. Rhd8 fxg5 38. Ra7+ Kh6 39. Rxd4 gxh4 40. Rxh4 g5 41. Rh1 g4 42. Rg1 Kg5 43. Rh7 Rf3 44. Rh1 Rh3 45. Rg7+ Kf4 46. Rf1+ Kg3 47. b4 Kg2 48. Rf5 g3 49. a4 Rh4 50. Kc2 Rxb4 51. Rxh5 Rxa4 52. Rhg5 Ra3 53. Kd2 Kf2 54. Rf7+ Kg1 55. Ke2 Ra2+ 56. Ke3 Ra3+ 57. Ke2 Ra2+ 58. Ke3 Ra3+ 59. Kf4 g2 60. Rfg7 Ra2 61. Kg3 Kh1 62. Kh3 Ra3+ 63. Kh4 Ra4+ 64. Kh5 Ra2 65. Kh6 Kg1 66. Rg4 Kf1 67. Kh5 Kg1 68. Kh4 Kh2 69. R7g5 b5 70. Rg3 Ra4+ 71. Kh5 Ra2 72. R3g4 Rb2 73. Rh4+ Kg1 74. Rd4 Kh2 75. Rd1 Rb3 76. Rg4 Rh3+ 77. Kg5 Rg3 78. Rxg3 Kxg3 79. Kf5 1/2-1/2

[Event "Manisa Rotary Club"]
[Site "Manisa"]
[Date "2019.01.29"]
[Round "3.4"]
[White "Annageldyev, Orazly"]
[Black "Erden, Kadir"]
[Result "0-1"]
[WhiteElo "2377"]
[BlackElo "2266"]
[PlyCount "48"]
[EventDate "2019.01.28"]
[EventType "schev"]
[EventRounds "10"]
[EventCountry "TUR"]
[SourceTitle "CBM 188 Extra"]
[Source "ChessBase"]
[SourceDate "2019.02.26"]
[SourceVersion "1"]
[SourceVersionDate "2019.02.26"]
[SourceQuality "1"]
[WhiteTeam "Eflatun"]
[BlackTeam "Turkuaz"]
[WhiteTeamCountry "TUR"]
[BlackTeamCountry "TUN"]

1. d4 d5 2. Bf4 Nf6 3. e3 e6 4. Nf3 Bd6 5. Bg3 b6 6. c3 0-0 7. Nbd2 c5 8. Ne5 Qc7 9. f4 Ba6 10. Bxa6 Nxa6 11. 0-0 b5 12. Qe2 Qb7 13. f5 Rad8 14. a4 Nc7 15. Bh4 bxa4 16. Bxf6 gxf6 17. Qh5 exf5 18. Rxf5 Bxe5 19. dxe5 Ne6 20. Raf1 Ng7 21. Qg4 fxe5 22. Rxe5 Rd6 23. Nf3 Rg6 24. Qxa4 f6 0-1

[Event "Manisa Rotary Club"]
[Site "Manisa"]
[Date "2019.01.28"]
[Round "1.4"]
[White "Annageldyev, Orazly"]
[Black "Ozbay, Ece"]
[Result "1-0"]
[WhiteElo "2377"]
[BlackElo "2129"]
[PlyCount "52"]
[EventDate "2019.01.28"]
[EventType "schev"]
[EventRounds "10"]
[EventCountry "TUR"]
[SourceTitle "CBM 188 Extra"]
[Source "ChessBase"]
[SourceDate "2019.02.26"]
[SourceVersion "1"]
[SourceVersionDate "2019.02.26"]
[SourceQuality "1"]
[WhiteTeam "Eflatun"]
[BlackTeam "Turkuaz"]
[WhiteTeamCountry "TUR"]
[BlackTeamCountry "TUN"]

1. d4 d5 2. Bf4 Nf6 3. e3 Bf5 4. Nf3 e6 5. Bd3 Bg6 6. Ne5 Nbd7 7. h3 Be7 8. Nd2 0-0 9. 0-0 c5 10. Nxg6 hxg6 11. c3 Qb6 12. Rb1 a5 13. Kh1 Qc6 14. Bg5 e5 15. f4 e4 16. Be2 Rae8 17. Qe1 Nh7 18. Bxe7 Rxe7 19. f5 gxf5 20. Rxf5 g6 21. Rf1 c4 22. b3 b5 23. a4 cxb3 24. Bxb5 Qxc3 25. Nxb3 Qxe1 26. Rfxe1 Nb6 1-0

[Event "Moscow VAO IM 07"]
[Site "Moscow"]
[Date "2016.07.11"]
[Round "6"]
[White "Annageldyev, Orazly"]
[Black "Atabayev, Yusup"]
[Result "0-1"]
[WhiteElo "2385"]
[BlackElo "2434"]
[PlyCount "68"]
[EventDate "2016.07.08"]
[EventType "tourn"]
[EventRounds "11"]
[EventCountry "RUS"]
[SourceTitle "EXT 2018"]
[Source "ChessBase"]
[SourceDate "2017.10.13"]
[SourceVersion "1"]
[SourceVersionDate "2017.10.13"]
[SourceQuality "1"]

1. d4 Nf6 2. c4 g6 3. Nc3 Bg7 4. Nf3 0-0 5. e4 d6 6. Be2 e5 7. 0-0 Nc6 8. d5 Ne7 9. b4 a5 10. Ba3 b6 11. bxa5 Nh5 12. Nd2 Nf4 13. Nb3 bxa5 14. Re1 f5 15. Bf3 Bd7 16. Qb1 Qe8 17. Qd1 Nc8 18. exf5 gxf5 19. Bc1 Ng6 20. Bh5 e4 21. Bd2 Nce7 22. a4 Qf7 23. Rc1 Be5 24. Nb5 Bxb5 25. axb5 a4 26. Na5 a3 27. Qb3 Qf6 28. Be2 Qh4 29. g3 Qf6 30. Rc2 f4 31. Rf1 f3 32. Bd1 Qf5 33. Kh1 Qh3 34. Rg1 Rf5 0-1

[Event "Budapest FS03 IM"]
[Site "Budapest"]
[Date "2015.03.16"]
[Round "9"]
[White "Bach, Matthias"]
[Black "Annageldyev, Orazly"]
[Result "0-1"]
[WhiteElo "2235"]
[BlackElo "2371"]
[PlyCount "110"]
[EventDate "2015.03.07"]
[EventType "tourn"]
[EventRounds "9"]
[EventCountry "HUN"]
[EventCategory "1"]
[SourceTitle "CBM 165 Extra"]
[Source "ChessBase"]
[SourceDate "2015.04.21"]
[SourceVersion "1"]
[SourceVersionDate "2015.04.21"]
[SourceQuality "1"]

1. d4 Nf6 2. c4 g6 3. Nc3 Bg7 4. e4 d6 5. f4 0-0 6. Nf3 c5 7. d5 e6 8. Be2 exd5 9. cxd5 Re8 10. e5 dxe5 11. fxe5 Ng4 12. e6 fxe6 13. Bg5 Qb6 14. Qd2 Nd7 15. 0-0 Ndf6 16. h3 exd5 17. hxg4 d4 18. Bxf6 Qxf6 19. Bc4+ Be6 20. Ne4 Qe7 21. Qd3 Bxc4 22. Qxc4+ Qe6 23. Qxe6+ Rxe6 24. Nxc5 Rc6 25. Nd3 Re8 26. Rac1 Re3 27. Rfd1 Rxd3 28. Kf1 Rxd1+ 29. Rxd1 Rc2 30. Rd2 Rxd2 31. Nxd2 Kf7 32. Ne4 Ke7 33. b3 b6 34. Ke2 h6 35. Nd2 Kd6 36. Nf3 Bf6 37. Ne1 Kd5 38. Kf3 Be5 39. Nd3 Bd6 40. Nb2 b5 41. Nd3 a5 42. Nb2 Be7 43. Nd3 Bg5 44. g3 Be3 45. Ke2 g5 46. Ne1 Ke4 47. Nd3 Bg1 48. Nc5+ Kd5 49. Nd3 Bh2 50. Kf3 Bxg3 51. Kxg3 Ke4 52. Nf2+ Ke3 53. Kg2 Ke2 54. Ne4 b4 55. Ng3+ Ke1 0-1

[Event "Budapest FS03 IM"]
[Site "Budapest"]
[Date "2015.03.13"]
[Round "6"]
[White "Annageldyev, Orazly"]
[Black "Farkas, Richard"]
[Result "1-0"]
[WhiteElo "2371"]
[BlackElo "2236"]
[PlyCount "157"]
[EventDate "2015.03.07"]
[EventType "tourn"]
[EventRounds "9"]
[EventCountry "HUN"]
[EventCategory "1"]
[SourceTitle "CBM 165 Extra"]
[Source "ChessBase"]
[SourceDate "2015.04.21"]
[SourceVersion "1"]
[SourceVersionDate "2015.04.21"]
[SourceQuality "1"]

1. d4 d5 2. c4 dxc4 3. Nf3 a6 4. a4 Nc6 5. e4 e5 6. Bxc4 exd4 7. 0-0 Nf6 8. e5 Ne4 9. Re1 Nc5 10. b4 Ne6 11. b5 axb5 12. Bxb5 Bc5 13. Nbd2 0-0 14. Ne4 Be7 15. Ba3 Nb4 16. Rb1 c5 17. Nxc5 Bxc5 18. Bxb4 b6 19. Nd2 Bb7 20. Qg4 Bxb4 21. Rxb4 Rc8 22. Nc4 h5 23. Qg3 Qd5 24. f3 Qc5 25. Rbb1 Bd5 26. Nd6 Rc7 27. Ne8 Rxe8 28. Bxe8 d3+ 29. Qf2 Nd4 30. Bb5 Nxb5 31. Rxb5 Qc4 32. Qd2 Qd4+ 33. Qf2 d2 34. Rd1 Qxa4 35. Rbb1 Qa2 36. Qxd2 Rc2 37. Qg5 g6 38. Rbc1 Rxc1 39. Rxc1 Qe2 40. h4 Bc4 41. Qd8+ Kh7 42. Qxb6 Be6 43. Qd4 Qa2 44. Ra1 Qe2 45. Qf4 Bf5 46. Kh2 Qb5 47. Ra7 Qd5 48. Ra6 Qb7 49. Rd6 Qe7 50. Qd4 Be6 51. Rd8 Qc7 52. Kg3 Qa5 53. Rb8 Qe1+ 54. Kh2 Bg4 55. Qe4 Qxh4+ 56. Kg1 Qe7 57. Qb4 Qxb4 58. Rxb4 Be6 59. Kf2 Kg7 60. Ke3 Bd5 61. Kd4 Be6 62. Kc5 Kg8 63. Kd6 Kf8 64. Rb8+ Kg7 65. Ke7 Bd5 66. Rb5 Bc4 67. Rb4 Be6 68. Rf4 Bd5 69. Rf6 Bc4 70. f4 Bd5 71. g3 Bc4 72. f5 gxf5 73. Rxf5 Kg6 74. Rf4 Ba2 75. Kf8 Be6 76. Rf6+ Kg5 77. Rxf7 Bxf7 78. Kxf7 Kg4 79. Kg6 1-0

[Event "Budapest FS03 IM"]
[Site "Budapest"]
[Date "2015.03.09"]
[Round "3"]
[White "Atabayev, Saparmyrat"]
[Black "Annageldyev, Orazly"]
[Result "1-0"]
[WhiteElo "2328"]
[BlackElo "2371"]
[PlyCount "95"]
[EventDate "2015.03.07"]
[EventType "tourn"]
[EventRounds "9"]
[EventCountry "HUN"]
[EventCategory "1"]
[SourceTitle "CBM 165 Extra"]
[Source "ChessBase"]
[SourceDate "2015.04.21"]
[SourceVersion "1"]
[SourceVersionDate "2015.04.21"]
[SourceQuality "1"]

1. e4 c5 2. Nf3 a6 3. c3 d5 4. exd5 Qxd5 5. d4 Nf6 6. Be2 cxd4 7. cxd4 g6 8. Nc3 Qd6 9. 0-0 Nc6 10. d5 Nb4 11. Bc4 Bf5 12. Nd4 Bg4 13. Qb3 Rc8 14. Be3 Bd7 15. h3 Bg7 16. Ne6 fxe6 17. dxe6 Bc6 18. Rfd1 Qc7 19. Qxb4 Bxg2 20. Bb3 Bf3 21. Rac1 Bxd1 22. Bf4 Qxf4 23. Qxf4 Bxb3 24. axb3 0-0 25. Qb4 Rc7 26. Rd1 b5 27. Ra1 Ra8 28. Qa5 Rc6 29. Rd1 Rxe6 30. Nxb5 Rf8 31. Nc7 Re4 32. Re1 e6 33. Rxe4 Nxe4 34. Nxe6 Re8 35. Nxg7 Kxg7 36. Qxa6 Re7 37. b4 Kf7 38. Qc6 Ng5 39. b5 Ne6 40. Qc8 Rc7 41. Qh8 Nf8 42. Qe5 Ne6 43. Qd5 Ke7 44. b6 Rd7 45. Qe4 Rd1+ 46. Kh2 Rd4 47. Qa8 Rd8 48. b7 1-0

[Event "Budapest FS05 IM"]
[Site "Budapest"]
[Date "2014.05.10"]
[Round "8"]
[White "Annageldyev, Orazly"]
[Black "Atabayev, Saparmyrat"]
[Result "1/2-1/2"]
[WhiteElo "2374"]
[BlackElo "2273"]
[PlyCount "145"]
[EventDate "2014.05.03"]
[EventType "tourn"]
[EventRounds "11"]
[EventCountry "HUN"]
[EventCategory "2"]
[SourceTitle "CBM 160 Extra"]
[Source "ChessBase"]
[SourceDate "2014.07.01"]
[SourceVersion "1"]
[SourceVersionDate "2014.07.01"]
[SourceQuality "1"]

1. Nf3 Nf6 2. d4 e6 3. e3 Be7 4. Bd3 0-0 5. 0-0 c5 6. c4 Nc6 7. Nc3 cxd4 8. exd4 d5 9. Re1 Nb4 10. Bf1 dxc4 11. Bxc4 b6 12. a3 Nbd5 13. Ne5 Bb7 14. Qf3 Rb8 15. Qh3 Ne8 16. Bd3 f5 17. Bb5 Ndf6 18. Nc6 Bxc6 19. Bxc6 Qxd4 20. Rxe6 Bc5 21. Be3 Qc4 22. Qxf5 Nd6 23. Bd5 Nxd5 24. Qxd5 Qxd5 25. Nxd5 Nc4 26. b4 Nxe3 27. Nxe3 Bxe3 28. fxe3 Rbc8 29. Re7 Rf7 30. Rxf7 Kxf7 31. Rd1 Ke6 32. Rd3 Rc2 33. h4 Ra2 34. Kh2 a5 35. bxa5 bxa5 36. Kg3 g6 37. Kf3 h6 38. g3 Ke5 39. Rc3 Kd5 40. Rd3+ Ke5 41. Rb3 Kf6 42. Ke4 a4 43. Rc3 Rg2 44. Rc6+ Kf7 45. Rc4 Rxg3 46. Kd3 Ke6 47. Rxa4 Rg1 48. Ke2 Rh1 49. Kf3 Rf1+ 50. Ke4 Rh1 51. Ra6+ Kf7 52. Ke5 Rxh4 53. Ra7+ Ke8 54. e4 Kd8 55. a4 Kc8 56. Kd5 Rh1 57. e5 Rd1+ 58. Ke6 g5 59. Ra8+ Kb7 60. Rh8 Rh1 61. Kd6 g4 62. e6 Rd1+ 63. Ke5 Re1+ 64. Kf6 Rf1+ 65. Ke5 Re1+ 66. Kf5 g3 67. Rg8 Re3 68. Rg6 h5 69. Kf4 Re1 70. Kf3 h4 71. Rh6 Rf1+ 72. Kg2 Rf2+ 73. Kg1 1/2-1/2

[Event "Budapest FS05 IM"]
[Site "Budapest"]
[Date "2014.05.09"]
[Round "7"]
[White "Szeberenyi, Adam"]
[Black "Annageldyev, Orazly"]
[Result "0-1"]
[WhiteElo "2332"]
[BlackElo "2374"]
[PlyCount "98"]
[EventDate "2014.05.03"]
[EventType "tourn"]
[EventRounds "11"]
[EventCountry "HUN"]
[EventCategory "2"]
[SourceTitle "CBM 160 Extra"]
[Source "ChessBase"]
[SourceDate "2014.07.01"]
[SourceVersion "1"]
[SourceVersionDate "2014.07.01"]
[SourceQuality "1"]

1. d4 Nf6 2. c4 e6 3. Nf3 b6 4. a3 Bb7 5. Nc3 g6 6. Qd3 Bg7 7. e4 d5 8. exd5 0-0 9. dxe6 Re8 10. Be2 Rxe6 11. d5 Re8 12. 0-0 Nbd7 13. Be3 Qe7 14. Rfe1 Ng4 15. Bf1 Nde5 16. Nxe5 Qxe5 17. g3 Qh5 18. Bg2 Qxh2+ 19. Kf1 Bc8 20. Bd4 Bf5 21. Ne4 Ne5 22. Bxe5 Rxe5 23. g4 Bxg4 24. d6 Rd8 25. Re3 cxd6 26. Rg3 Bf5 27. Re1 Rde8 28. Qxd6 Bxe4 29. Rxe4 Rxe4 30. Bxe4 Qh4 31. Bd5 Qe7 32. Qxe7 Rxe7 33. b4 Be5 34. Re3 Kf8 35. c5 bxc5 36. bxc5 Bd4 37. Rxe7 Kxe7 38. c6 Bb6 39. Kg2 f5 40. f4 Kf6 41. a4 h6 42. Bc4 g5 43. fxg5+ hxg5 44. Be2 g4 45. Bd1 Kg5 46. Be2 f4 47. Bd1 f3+ 48. Kg3 Bc7+ 49. Kf2 Kf4 0-1

[Event "Budapest FS05 IM"]
[Site "Budapest"]
[Date "2014.05.07"]
[Round "5"]
[White "Annageldyev, Orazly"]
[Black "Chakravarthi, YVK"]
[Result "1-0"]
[WhiteElo "2374"]
[BlackElo "2147"]
[PlyCount "133"]
[EventDate "2014.05.03"]
[EventType "tourn"]
[EventRounds "11"]
[EventCountry "HUN"]
[EventCategory "2"]
[SourceTitle "CBM 160 Extra"]
[Source "ChessBase"]
[SourceDate "2014.07.01"]
[SourceVersion "1"]
[SourceVersionDate "2014.07.01"]
[SourceQuality "1"]

1. Nf3 d5 2. d4 c6 3. c4 Nf6 4. e3 Bf5 5. Bd3 Bxd3 6. Qxd3 e6 7. 0-0 Bd6 8. Nbd2 Nbd7 9. e4 dxe4 10. Nxe4 Nxe4 11. Qxe4 Nf6 12. Qe2 0-0 13. Rd1 Qa5 14. Ne5 Qc7 15. b3 Rfe8 16. Bb2 Bf8 17. Qf3 Rad8 18. Rd3 Bd6 19. Rad1 Qe7 20. h3 Ba3 21. Ba1 Bd6 22. Qe2 Bb8 23. Bc3 Nd7 24. Ba5 Rc8 25. Qe1 Bc7 26. Bb4 Bd6 27. Bxd6 Qxd6 28. c5 Qc7 29. Nc4 Rcd8 30. Nd6 Re7 31. Rg3 Nf6 32. Rxg7+ Kxg7 33. Qe5 Red7 34. Qg5+ Kf8 35. Qxf6 Rxd6 36. cxd6 Qxd6 37. Qh6+ Ke8 38. Qxh7 c5 39. Qh8+ Ke7 40. Qh4+ Ke8 41. d5 a6 42. Qf6 Qc7 43. Re1 Rxd5 44. Rxe6+ fxe6 45. Qxe6+ Qe7 46. Qg8+ Kd7 47. Qxd5+ Kc7 48. g4 b5 49. g5 Kb6 50. g6 Qf6 51. Qf7 Qg5+ 52. Kf1 Qc1+ 53. Ke2 Qc2+ 54. Kf3 Qd3+ 55. Kg2 Qe4+ 56. Kg3 Qd3+ 57. f3 Qd6+ 58. Kg4 Qd4+ 59. Qf4 Qd7+ 60. Kg5 Ka5 61. h4 Qd8+ 62. Qf6 Qd2+ 63. f4 c4 64. bxc4 bxc4 65. g7 Qg2+ 66. Kh6 Qa8 67. Qf5+ 1-0

[Event "Budapest FS05 IM"]
[Site "Budapest"]
[Date "2014.05.04"]
[Round "2"]
[White "Szalanczy, Emil"]
[Black "Annageldyev, Orazly"]
[Result "0-1"]
[WhiteElo "2266"]
[BlackElo "2374"]
[PlyCount "96"]
[EventDate "2014.05.03"]
[EventType "tourn"]
[EventRounds "11"]
[EventCountry "HUN"]
[EventCategory "2"]
[SourceTitle "CBM 160 Extra"]
[Source "ChessBase"]
[SourceDate "2014.07.01"]
[SourceVersion "1"]
[SourceVersionDate "2014.07.01"]
[SourceQuality "1"]

1. e4 g6 2. d4 Bg7 3. Nc3 c6 4. Nf3 d5 5. h3 Nh6 6. Bf4 dxe4 7. Nxe4 Nf5 8. c3 0-0 9. Bd3 Qb6 10. Qe2 Rd8 11. 0-0 h6 12. Bc4 e6 13. b4 a5 14. a3 Qa7 15. Bc7 Rd7 16. Be5 Rd8 17. Nf6+ Kh8 18. g4 Nd6 19. Bd3 b6 20. Qe3 Ba6 21. Nh5 f6 22. Bxd6 Bxd3 23. Qxd3 gxh5 24. Bxb8 Raxb8 25. gxh5 Qf7 26. Qg6 Rb7 27. Nh4 Rd5 28. Qxf7 Rxf7 29. Ng6+ Kh7 30. Nf4 Rg5+ 31. Kh2 e5 32. Ne6 Rxh5 33. f4 exf4 34. Rxf4 Re7 35. Re4 Kh8 36. Rae1 Rf5 37. c4 Rf2+ 38. Kg3 Ra2 39. R4e3 axb4 40. axb4 h5 41. Kh4 Bh6 42. Rf3 Rg2 43. Re4 Bg5+ 44. Kxh5 Bf4 45. Nf8 Rg5+ 46. Kh6 Rxe4 47. Ng6+ Kg8 48. Nxf4 Re7 0-1

[Event "Moscow VAO IM 11"]
[Site "Moscow"]
[Date "2014.??.??"]
[Round "?"]
[White "Atabayev, Maksat"]
[Black "Annageldyev, Orazly"]
[Result "1-0"]
[WhiteElo "2471"]
[BlackElo "2374"]
[PlyCount "81"]
[EventDate "2014.11.19"]
[EventType "tourn"]
[EventRounds "13"]
[EventCountry "RUS"]
[SourceTitle "EXT 2016"]
[Source "ChessBase"]
[SourceDate "2015.10.08"]
[SourceVersion "1"]
[SourceVersionDate "2015.10.08"]
[SourceQuality "1"]

1. e4 c5 2. Nf3 d6 3. d4 cxd4 4. Nxd4 Nf6 5. Nc3 Nc6 6. Bg5 e6 7. Qd2 a6 8. 0-0-0 h6 9. Nxc6 bxc6 10. Bf4 d5 11. Qe3 Be7 12. Be2 0-0 13. h4 Bd7 14. g4 Bb4 15. f3 c5 16. exd5 Bxc3 17. Qxc3 Nxd5 18. Qd2 Qb6 19. g5 h5 20. Be5 Bc6 21. Kb1 a5 22. Rhg1 a4 23. a3 Rfd8 24. Bd3 Rd7 25. Qe2 Rb7 26. c4 Ne7 27. g6 f6 28. Bxf6 Bxf3 29. Qxf3 Rf8 30. Qxh5 Rxf6 31. Qh7+ Kf8 32. Rg2 Ng8 33. h5 Rd7 34. Qh8 Qb3 35. Rdd2 Rd4 36. h6 gxh6 37. g7+ Kf7 38. Qh7 e5 39. Bg6+ Rxg6 40. Rgf2+ Rf4 41. Rd7+ 1-0